Biblioteca

Handbook of literary rhetoric : (Registro nro. 66201)

Detalles MARC
000 -LÍDER
Campo fijo de descripción fija 02009cam a2200457 i 4500
001 - NÚMERO DE CONTROL
Campo de control 768714001
003 - IDENTIFICADOR DEL NÚMERO DE CONTROL
Campo de control CO-MdFUSB
005 - FECHA Y HORA DE LA ULTIMA TRANSACCIÓN
control field 20200621183558.0
007 - CAMPO FIJO DE DESCRIPCIÓN FIJA--INFORMACIÓN GENERAL
Campo fijo de descripción fija ta
008 - ELEMENTOS DE LONGITUD FIJA -- INFORMACIÓN GENERAL
Campo fijo de descripción fija -- Información general 971209t1998 ne b 001 0 eng
010 ## - NÚMERO DE CONTROL DE LA BIBLIOTECA DEL CONGRESO
Número de control LC 97051646
011 ## - LINKING LIBRARY OF CONGRESS CONTROL NUMBER [OBSOLETE]
LC control number a
020 ## - NÚMERO INTERNACIONAL NORMALIZADO PARA LIBROS
Número Internacional Normalizado del libro 9004107053
Información adicional alkaline paper
020 ## - NÚMERO INTERNACIONAL NORMALIZADO PARA LIBROS
Número Internacional Normalizado del libro 9004107053
Información adicional alkaline paper
040 ## - FUENTE DE CATALOGACIÓN
Agencia de catalogación original DLC
Idioma de catalogación eng
Agencia que realiza la transcripción CO-MdFUSB
Agencia que realiza la modificación OHX
-- CO-MdFUSB
-- NNY
-- MvI
Convenciones de la descripción rda
041 1# - CÓDIGO DE IDIOMA
Código de idioma para texto/pista de sonido o título separado eng
Código de idioma original ger
082 ## - NÚMERO DE CLASIFICACIÓN DECIMAL DEWEY
Número de la edición del Dewey 23
Número de clasificación 808
Clave de autor-Numero de item L388
100 1# - ASIENTO PRINCIPAL--NOMBRE PERSONAL
Nombre personal Lausberg, Heinrich.
Término relacionador autor
240 10 - TITULO UNIFORME
Título uniforme <a href="Handbuch der literarischen Rhetorik.">Handbuch der literarischen Rhetorik.</a>
245 10 - TÍTULO
Título del Material Handbook of literary rhetoric :
Parte restante del título - Subtitulo a foundation for literary study /
Mención de responsabilidad, etc. Heinrich Lausberg ; prólogo por George A. Kennedy ; traducido por Matthew T. Bliss, Annemiek Jansen, David E. Orton ; editado por David E. Orton & R. Dean Anderson.
264 #1 - PRODUCCIÓN, PUBLICACIÓN, DISTRIBUCIÓN, MANUFACTURA, Y COPYRIGHT
Lugar de producción, publicación, distribución, manufactura Leiden ;
-- Boston :
Nombre del productor, publicador, distribuidor Brill,
Fecha de producción, publicación, distribución, manufactura, o copyright [1998]
264 #4 - PRODUCCIÓN, PUBLICACIÓN, DISTRIBUCIÓN, MANUFACTURA, Y COPYRIGHT
Fecha de producción, publicación, distribución, manufactura, o copyright © 1998
300 ## - DESCRIPCIÓN FÍSICA
Extensión xxix, 921 páginas;
Dimensiones 25 cm.
336 ## - TIPO DE CONTENIDO
Término de tipo de contenido texto
Código de tipo de contenido txt
Fuente rdacontent.
337 ## - TIPO DE MEDIO
Nombre del tipo de medio sin mediación
Código del tipo de medio n
Fuente rdamedia.
338 ## - TIPO DE SOPORTE
Nombre del tipo de soporte volumen
Código Tipo de soporte nc
Fuente rdacarrier.
504 ## - NOTA DE BIBLIOGRAFÍA, ETC.
Nota de bibliografía, etc Incluye referencias bibliográficas (páginas (555 -595) e índice.
505 ## - NOTA DE CONTENIDO
Nota de contenido con formato preestablecido Secta. Uno: Definición y lugar de la retórica . -- Sect. Dos: Organización y lugar de la retórica. -- Primera parte: De arte. -- Capítulo uno: Materia artis. -- Capítulo dos: Partes artis. -- Capítulo tres: Ejercicio / Poética. -- Medios miméticos. -- Objetos de mimesis -<br/>Tipos de mimesis / Lista de abreviaturas y bibliografía / Índice de términos. -- latín. -- griego. -- francés.
563 ## - NOTA DE ENCUADERNACIÓN
Nota de encuadernación Rústico
653 ## - TÉRMINO DE INDIZACIÓN - NO CONTROLADO
Término no controlado Retorica antigua
700 ## - ASIENTO SECUNDARIO - NOMBRE PERSONAL
Nombre personal Kennedy, George A.
9 (RLIN) 4321
Responsabilidad prologuista
700 ## - ASIENTO SECUNDARIO - NOMBRE PERSONAL
Nombre personal Bliss, Matthew T.
9 (RLIN) 4322
Responsabilidad traductor
700 ## - ASIENTO SECUNDARIO - NOMBRE PERSONAL
Nombre personal Jansen, Annemiek ‎
9 (RLIN) 4323
Responsabilidad traductor
700 ## - ASIENTO SECUNDARIO - NOMBRE PERSONAL
Nombre personal Orton, David E.
9 (RLIN) 4324
Responsabilidad traductor
700 ## - ASIENTO SECUNDARIO - NOMBRE PERSONAL
Nombre personal Anderson, Dean ‎
9 (RLIN) 4325
Responsabilidad editor
942 ## - TIPO DE MATERIAL (KOHA)
Tipo de Item KOHA Libros General
945 ## - INFORMACIÓN LOCAL DEL REGISTRO
Catalogador JTF-925
Existencias
Estado de Material Estado de Perdido Forma de Clasificación Estado de Dañado No para Préstamo Colección Biblioteca de Origen Biblioteca Permanente Fecha de Adquisición Área Total de Préstamos Signatura Topográfica Código de Barras Última vez visto Ejemplar/Existencia Fecha de Remplazo Tipo de Material
    Dewey Decimal Classification     Colección General Biblioteca FUSBC Biblioteca FUSBC 21/06/2020 LITERATURA   G 808 L388h 1636 21/06/2020 Ej.1 21/06/2020 Libros General

Biblioteca FUSBC | Teléfono: (57+4) 349 88 10 Ext. 141| WhatsApp (+57) 3005338115 
E-mail: biblioteca@unisbc.edu.co | Calle 76 87-14 Robledo Palenque, Medellín, Colombia

Con tecnología Koha